000 00547nam a2200229Ia 4500
003 OSt
005 20220923230754.0
006 a|||||r|||| 00| 0
007 ta
008 Pun
024 _a305,447
037 _cTextual
040 _aARTS
_cARTS
_bPun
041 _2Pun
_aPun
082 _aQ8441:21, 153H6
100 _aFੇਰ ਸਿੰਘ
_9161670
245 0 _aਵਾਹਿਗੁਰੂ
260 _c1946
650 _aਧਰਮ
942 _hQ8441:21, 153H6
_cTEXL
_2CC
999 _c387239
_d387239